Giáo trình Luật hình sự Việt Nam ( phần chung )
Khái niệm, nhiệm vụ và các nguyên tắc cơ bản của luật hình sự Việt Nam. Cấu tạo và hiệu lực của đạo luật hình sự Việt Nam. Cấu thành tội phạm, chủ thể của tội phạm. Các giai đoạn thực hiện tội phạm. Khái niệm và mục đích của hình ph...
Zapisane w:
| Format: | Książka |
|---|---|
| Język: | Undetermined |
| Wydane: |
Hà Nội
Giáo dục
1997
|
| Hasła przedmiotowe: | |
| Etykiety: |
Dodaj etykietę
Nie ma etykietki, Dołącz pierwszą etykiete!
|
| Thư viện lưu trữ: | Trung tâm Học liệu Trường Đại học Cần Thơ |
|---|
| LEADER | 00954nam a2200181Ia 4500 | ||
|---|---|---|---|
| 001 | CTU_28447 | ||
| 008 | 210402s9999 xx 000 0 und d | ||
| 082 | |a 345.597 | ||
| 082 | |b Gi108 | ||
| 245 | 0 | |a Giáo trình Luật hình sự Việt Nam ( phần chung ) | |
| 245 | 0 | |c Trường Đại học Luật Hà Nội | |
| 260 | |a Hà Nội | ||
| 260 | |b Giáo dục | ||
| 260 | |c 1997 | ||
| 520 | |a Khái niệm, nhiệm vụ và các nguyên tắc cơ bản của luật hình sự Việt Nam. Cấu tạo và hiệu lực của đạo luật hình sự Việt Nam. Cấu thành tội phạm, chủ thể của tội phạm. Các giai đoạn thực hiện tội phạm. Khái niệm và mục đích của hình phạt... | ||
| 650 | |a Criminal law ( vietnamese law ) | ||
| 904 | |i Nguyễn Quang Điền,Nguyên | ||
| 980 | |a Trung tâm Học liệu Trường Đại học Cần Thơ | ||